[Event "Open Semana Santa 2023"]
[Site "?"]
[Date "2023.04.06"]
[Round "2.6"]
[White "GM Sosa, Tomas"]
[Black "Jordan Martinez, Miguel"]
[Result "1-0"]
[WhiteElo "2544"]
[BlackElo "2186"]
[PlyCount "115"]

1. e4 e6 2. d4 d5 3. Nd2 Nc6 4. Ngf3 Nf6 5. e5 Nd7 6. Be2 f6 7. exf6 Qxf6 8.
Nf1 Bd6 9. Ne3 h6 10. O-O O-O 11. c4 dxc4 12. Bxc4 Nb6 13. Bb3 Bd7 14. Ng4 Qg6
15. Nh4 Qe4 16. Be3 Nb4 17. f3 Qd3 18. Qc1 N6d5 19. Rd1 Qh7 20. a3 Nxe3 21.
Nxe3 g5 22. Nhf5 Na6 23. Nxd6 cxd6 24. Qd2 Rac8 25. Re1 d5 26. Ng4 Qg7 27. Ne5
Nb8 28. h4 Be8 29. hxg5 hxg5 30. Ng4 Nc6 31. Rxe6 Qxd4+ 32. Qxd4 Nxd4 33. Bxd5
Nxe6 34. Bxe6+ Bf7 35. Nh6+ Kg7 36. Nxf7 Rc5 37. Nd6 Rc6 38. Rd1 Kf6 39. Bg4
Ke5 40. Ne4 Rc2 41. b4 Rf4 42. Nxg5 Ra2 43. Re1+ Kf6 44. Nh3 Rd4 45. Re6+ Kg7
46. Re7+ Kf6 47. Rxb7 Rd1+ 48. Kh2 Rxa3 49. Nf2 Rb1 50. b5 Ke5 51. Ne4 Rb2 52.
Rg7 Kd4 53. Rg5 Ke3 54. Nd6 Rc3 55. Rg7 Ra2 56. Re7+ Kf4 57. Nf7 Rc4 58. Kh3
1-0

[Event "Open Semana Santa 2023"]
[Site "?"]
[Date "2023.04.06"]
[Round "2.7"]
[White "Serrano Almendros, Alejandro"]
[Black "GM Dvirnyy, Danyyil"]
[Result "1/2-1/2"]
[WhiteElo "2151"]
[BlackElo "2541"]
[PlyCount "134"]

1. d4 Nf6 2. c4 e6 3. Nc3 Bb4 4. e3 O-O 5. Bd3 d5 6. Nge2 c5 7. a3 Bxc3+ 8.
bxc3 dxc4 9. Bxc4 Qc7 10. Bd3 Nc6 11. f4 b6 12. O-O Rd8 13. Ng3 Ne7 14. Ne4
Nxe4 15. Bxe4 Bb7 16. Qf3 Bxe4 17. Qxe4 Rac8 18. a4 Nd5 19. Qd3 cxd4 20. cxd4
Qc2 21. Qxc2 Rxc2 22. f5 exf5 23. Rxf5 Nc3 24. Kf1 Nxa4 25. Rxa4 Rxc1+ 26. Ke2
Rd7 27. Kd3 Kf8 28. Rf2 Ke7 29. Ra6 Kd8 30. Rfa2 Rcc7 31. e4 Kc8 32. R6a4 Kb8
33. Rc4 a5 34. e5 Rc5 35. Rxc5 bxc5 36. Rxa5 Rxd4+ 37. Ke3 Rc4 38. Kd3 Rc1 39.
Kd2 Rh1 40. Rb5+ Kc7 41. Rxc5+ Kb6 42. e6 fxe6 43. Re5 Rxh2 44. Rxe6+ Kc5 45.
Re2 Kd4 46. Ke1 Kd3 47. Kf1 Rh6 48. Re7 Rg6 49. Kf2 Kd4 50. Kf3 Kd5 51. Kf2 Kd6
52. Re3 Rf6+ 53. Kg1 Re6 54. Rg3 Re7 55. Rf3 Ke6 56. Kh2 Rf7 57. Re3+ Kf6 58.
Rf3+ Ke7 59. Re3+ Kf8 60. Re2 g6 61. Ra2 Kg7 62. Rb2 h5 63. g4 h4 64. g5 Rf5
65. Rb7+ Kf8 66. Kh3 Rxg5 67. Kxh4 Rf5 1/2-1/2

[Event "Open Semana Santa 2023"]
[Site "?"]
[Date "2023.04.06"]
[Round "2.8"]
[White "GM Maurizzi, Marc`andria"]
[Black "FM Eizaguerri Floris, Maria"]
[Result "1-0"]
[WhiteElo "2536"]
[BlackElo "2161"]
[PlyCount "101"]

1. e4 c5 2. Nf3 e6 3. c3 Nf6 4. e5 Nd5 5. Bc4 Nb6 6. Bb3 d6 7. exd6 Bxd6 8. d4
Nc6 9. dxc5 Bxc5 10. Nbd2 O-O 11. O-O Na5 12. Bc2 Nac4 13. Qe2 Nxd2 14. Bxd2
Nd5 15. Rad1 Qc7 16. Qe4 f5 17. Qe2 Nf6 18. Bb3 Ne4 19. Ng5 Nxg5 20. Bxg5 Kh8
21. Rfe1 h6 22. Qh5 Qf7 23. Qh4 Kh7 24. Re5 b6 25. Be3 Be7 26. Qa4 Qe8 27. Qxe8
Rxe8 28. Bxe6 Bxe6 29. Rxe6 Red8 30. Rxd8 Rxd8 31. Kf1 Bf6 32. Ke2 Rd7 33. Rc6
Be5 34. g3 Kg8 35. a4 Kf7 36. a5 bxa5 37. Ra6 Rb7 38. Rxa7 Rxa7 39. Bxa7 f4 40.
Kd3 fxg3 41. fxg3 g5 42. Kc4 Ke6 43. Kb5 Kf5 44. Bd4 Bc7 45. Kc6 Bb8 46. Kb7
Bd6 47. c4 Ke4 48. c5 Bf8 49. c6 Bd6 50. Ba7 g4 51. Bb8 1-0

[Event "Open Semana Santa 2023"]
[Site "?"]
[Date "2023.04.06"]
[Round "2.9"]
[White "Iglesias Ferreira, Andres"]
[Black "IM Iermito, Sebastian"]
[Result "0-1"]
[WhiteElo "2150"]
[BlackElo "2533"]
[PlyCount "74"]

1. e4 c5 2. Nf3 e6 3. d4 cxd4 4. Nxd4 a6 5. Bd3 Nf6 6. O-O Qc7 7. Qe2 d6 8. c4
g6 9. f4 Bg7 10. Nc3 Nbd7 11. Be3 O-O 12. b4 e5 13. Nb3 exf4 14. Bxf4 Nh5 15.
Bd2 Ne5 16. Nd5 Qd8 17. Rac1 Bg4 18. Qe3 Be6 19. Be2 Bxd5 20. cxd5 Nf6 21. Na5
Qe7 22. Be1 Rfe8 23. Bh4 Neg4 24. Qf4 Qxe4 25. Bxg4 Nxg4 26. Qxf7+ Kh8 27. Rce1
Ne3 28. Qf2 Qxb4 29. Rxe3 Rxe3 30. Qxe3 Qxh4 31. Rf4 Qh5 32. Re4 Qd1+ 33. Kf2
Rf8+ 34. Kg3 Qxd5 35. Nc4 Qc6 36. Rf4 Re8 37. Qf3 d5 0-1

[Event "Open Semana Santa 2023"]
[Site "?"]
[Date "2023.04.06"]
[Round "2.10"]
[White "GM Almeida Quintana, Omar"]
[Black "Laverton, Christian"]
[Result "1-0"]
[WhiteElo "2526"]
[BlackElo "2137"]
[PlyCount "51"]

1. d4 d5 2. Nf3 Nf6 3. c4 c6 4. Nc3 a6 5. a4 e6 6. Bg5 a5 7. e3 Na6 8. Be2 Be7
9. O-O Nb4 10. Na2 Ne4 11. Bxe7 Qxe7 12. Nxb4 Qxb4 13. Bd3 Qe7 14. Bxe4 dxe4
15. Nd2 f5 16. c5 b6 17. cxb6 Ba6 18. Re1 Rb8 19. Qb3 Kf7 20. Rac1 Qb7 21. Rc5
g6 22. Rxa5 Qxb6 23. Qxb6 Rxb6 24. b3 Rd8 25. Rc1 Kf6 26. Rac5 1-0

[Event "Open Semana Santa 2023"]
[Site "?"]
[Date "2023.04.06"]
[Round "2.11"]
[White "Jordan Martinez, David"]
[Black "GM Brunello, Sabino"]
[Result "0-1"]
[WhiteElo "2137"]
[BlackElo "2510"]
[PlyCount "70"]
[EventDate "2023.??.??"]

1. Nf3 Nf6 2. d4 b6 3. g3 Bb7 4. Bg2 c5 5. dxc5 bxc5 6. c4 g6 7. O-O Bg7 8. Nc3
O-O 9. Qc2 Nc6 10. a3 Rb8 11. Rb1 d6 12. b4 cxb4 13. axb4 a5 14. b5 Nb4 15. Qb3
d5 16. c5 d4 17. c6 dxc3 18. Bf4 Bxc6 19. bxc6 Rc8 20. c7 Rxc7 21. Bxc7 Qxc7
22. Nd4 Nd7 23. e3 Bxd4 24. exd4 Nf6 25. Rfc1 c2 26. Ra1 Rd8 27. Ra2 Rxd4 28.
Raxc2 Nxc2 29. Rxc2 Rd1+ 30. Bf1 Qd6 31. Ra2 Ne4 32. Kg2 Rd2 33. Bc4 e6 34.
Rxa5 Rxf2+ 35. Kh3 Qd2 0-1

[Event "Open Semana Santa 2023"]
[Site "?"]
[Date "2023.04.06"]
[Round "2.12"]
[White "GM Sumets, Andrey"]
[Black "Ereza Vizcarra, Fernando"]
[Result "1-0"]
[WhiteElo "2506"]
[BlackElo "2131"]
[PlyCount "59"]

1. d4 d6 2. e4 Nf6 3. Nc3 e5 4. Nge2 Be7 5. g3 h5 6. h3 Nbd7 7. Bg2 Nf8 8. f4
Ng6 9. f5 Nf8 10. Be3 c6 11. a4 Qc7 12. a5 N8d7 13. O-O exd4 14. Bxd4 Ne5 15.
Nf4 Bd7 16. Qe2 c5 17. Ncd5 Nxd5 18. Nxd5 Qc6 19. Bc3 Bd8 20. Rfd1 h4 21. g4 b5
22. axb6 axb6 23. Rxa8 Qxa8 24. Qd2 Bc6 25. f6 gxf6 26. Ne3 Bc7 27. Nf5 Kf8 28.
Nxd6 Kg8 29. Bxe5 fxe5 30. Qg5+ 1-0

[Event "Open Semana Santa 2023"]
[Site "?"]
[Date "2023.04.06"]
[Round "2.13"]
[White "Ontanon Gomez, Pablo"]
[Black "GM Xu, Yi"]
[Result "0-1"]
[WhiteElo "2136"]
[BlackElo "2505"]
[PlyCount "86"]

1. e4 c5 2. Nf3 Nc6 3. d4 cxd4 4. Nxd4 e6 5. Nc3 Nf6 6. Nxc6 bxc6 7. Bd3 d5 8.
O-O Be7 9. Qe2 O-O 10. b3 Nd7 11. Na4 Nb6 12. Nxb6 axb6 13. a4 e5 14. Bb2 d4
15. Rad1 Be6 16. Bc4 Qc8 17. Bxe6 Qxe6 18. f4 f6 19. f5 Qf7 20. Rf3 Rfc8 21.
Rh3 b5 22. Ra1 bxa4 23. bxa4 Rcb8 24. Bc1 Rb4 25. a5 Bc5 26. Qd3 Rab8 27. Bd2
Rb1+ 28. Rxb1 Rxb1+ 29. Kf2 Qa2 30. Ke2 Bb4 31. Bxb4 Rxb4 32. a6 c5 33. a7 Qxa7
34. Qa3 Qb7 35. Rh4 Qb5+ 36. Kd2 Ra4 37. Qf3 Ra1 38. Qb3+ Qxb3 39. cxb3 Ra2+
40. Kd3 Rf2 41. Rh3 Rb2 42. Kc4 Rc2+ 43. Kd5 Rc3 0-1

[Event "Open Semana Santa 2023"]
[Site "?"]
[Date "2023.04.06"]
[Round "2.14"]
[White "IM Tiglon, Bryce"]
[Black "Salvador Lopez, Daniel"]
[Result "1-0"]
[WhiteElo "2502"]
[BlackElo "2128"]
[PlyCount "47"]

1. e4 c6 2. d4 d5 3. e5 Bf5 4. Nf3 e6 5. Be2 Bb4+ 6. c3 Ba5 7. Qb3 Nd7 8. Qxb7
Bxb1 9. b4 Bc2 10. bxa5 Rb8 11. Qxc6 Qxa5 12. O-O Ne7 13. Qa6 Qxc3 14. Bg5 Rb6
15. Qxa7 Nc8 16. Qa8 O-O 17. Bd2 Qb2 18. Qa5 Ne7 19. Rfc1 Rc8 20. a4 Rbb8 21.
Bb5 Nb6 22. Qb4 Qxb4 23. Bxb4 Kf8 24. Bd6 1-0

[Event "Open Semana Santa 2023"]
[Site "?"]
[Date "2023.04.06"]
[Round "2.15"]
[White "Garijo Perez, Hugo"]
[Black "GM Arizmendi Martinez, Julen Luis"]
[Result "0-1"]
[WhiteElo "2125"]
[BlackElo "2494"]
[PlyCount "101"]

1. e4 e5 2. Nf3 Nc6 3. Bb5 a6 4. Ba4 Nf6 5. O-O Be7 6. Re1 b5 7. Bb3 d6 8. c3
Na5 9. Bc2 c5 10. d4 Qc7 11. d5 Nc4 12. b3 Nb6 13. a4 bxa4 14. bxa4 Nc4 15. Qe2
Na5 16. Na3 Bg4 17. Be3 O-O 18. h3 Bxf3 19. Qxf3 c4 20. Rab1 Nd7 21. Qe2 Rfc8
22. Rb4 h6 23. Reb1 Bg5 24. Bxg5 hxg5 25. Qe3 Qd8 26. Bd1 Nc5 27. Be2 Qf6 28.
Bxc4 Qf4 29. Qxf4 gxf4 30. Be2 g6 31. g3 Kg7 32. Kg2 fxg3 33. fxg3 Rc7 34. Nc2
Nd7 35. c4 Nc5 36. Kf3 Raa7 37. Ke3 Rab7 38. Na3 Rxb4 39. Rxb4 f5 40. exf5 gxf5
41. Rb6 Rd7 42. Nc2 Rb7 43. Rxb7+ Naxb7 44. Nb4 a5 45. Nc6 Nxa4 46. Bd3 Kf6 47.
g4 f4+ 48. Kf3 Nac5 49. Bc2 Kg5 50. Na7 a4 51. Nb5 0-1

[Event "Open Semana Santa 2023"]
[Site "?"]
[Date "2023.04.06"]
[Round "2.16"]
[White "IM Chen, Qi B"]
[Black "WFM Rodriguez Redondo, Adhara"]
[Result "1/2-1/2"]
[WhiteElo "2493"]
[BlackElo "2126"]
[PlyCount "80"]

1. e4 e5 2. Nf3 Nc6 3. Bb5 Nf6 4. d3 Bc5 5. Ba4 d6 6. O-O O-O 7. c3 a5 8. Re1
Ba7 9. h3 Ne7 10. d4 Ng6 11. Nbd2 c6 12. Bc2 Re8 13. Nf1 Nh5 14. Be3 Nhf4 15.
Ng3 Qf6 16. Nf5 h6 17. Nh2 Bb8 18. Ng4 Qd8 19. Kh1 Nh4 20. Nxh4 Qxh4 21. Qf3
Bxg4 22. Qxg4 Qxg4 23. hxg4 Ne6 24. Rad1 Bc7 25. Rd2 Bb6 26. Bb3 exd4 27. cxd4
a4 28. Bxe6 fxe6 29. Rc2 e5 30. dxe5 Bxe3 31. Rxe3 dxe5 32. Rd3 Rad8 33. Rcd2
Rxd3 34. Rxd3 Kf7 35. g3 g5 36. Rd7+ Re7 37. Rd8 Re8 38. Rd7+ Re7 39. Rd8 Re8
40. Rd7+ Re7 1/2-1/2

[Event "Open Semana Santa 2023"]
[Site "?"]
[Date "2023.04.06"]
[Round "2.17"]
[White "Gomez Sanjuan, Hector Fernando"]
[Black "GM Solodovnichenko, Yuri"]
[Result "0-1"]
[WhiteElo "2124"]
[BlackElo "2489"]
[PlyCount "84"]

1. d4 e6 2. c4 b6 3. e4 Bb7 4. Bd3 Nc6 5. Ne2 Nb4 6. O-O Nxd3 7. Qxd3 d6 8.
Nbc3 g6 9. d5 Bg7 10. Be3 Nf6 11. f3 O-O 12. b4 Qe7 13. Rae1 c6 14. Ng3 Rac8
15. Bd4 Rfe8 16. a3 cxd5 17. cxd5 exd5 18. exd5 Qxe1 19. Rxe1 Rxe1+ 20. Kf2 Ra1
21. Nge4 Nxe4+ 22. Nxe4 Ba6 23. Qd2 Rac1 24. Kg3 R1c2 25. Qd1 Be2 26. Qg1 Bf1
27. Qxf1 Bxd4 28. Qd3 Be5+ 29. Kh3 R8c4 30. Qe3 Kg7 31. Qg5 h6 32. Qe7 Rc7 33.
Qd8 Rc8 34. Qh4 R2c4 35. Qe7 R4c7 36. Qh4 f6 37. f4 g5 38. Qg4 f5 39. Qxf5 Rf8
40. Qe6 Rxf4 41. g3 Rxe4 42. b5 g4+ 0-1

[Event "Open Semana Santa 2023"]
[Site "?"]
[Date "2023.04.06"]
[Round "2.18"]
[White "O`cuilleanain, Oisin"]
[Black "IM Kosakowski, Jakub"]
[Result "0-1"]
[WhiteElo "2122"]
[BlackElo "2479"]
[PlyCount "100"]

1. e4 c6 2. Nf3 d5 3. Nc3 Bg4 4. h3 Bxf3 5. Qxf3 e6 6. d4 Nf6 7. exd5 cxd5 8.
Bd3 Nc6 9. Ne2 Be7 10. c3 O-O 11. O-O Rc8 12. Re1 Na5 13. Ng3 Nc4 14. a4 Ne8
15. Qg4 Rc6 16. Nh5 Kh8 17. Re2 g6 18. Ng3 Ng7 19. Bh6 Rg8 20. Qf3 Nf5 21. Nxf5
gxf5 22. Bf4 Nd6 23. Be5+ Bf6 24. Qf4 Bxe5 25. Qxe5+ Rg7 26. Re3 Kg8 27. Rae1
Rg6 28. Rg3 Qb6 29. Re2 Qb3 30. Bc2 Qc4 31. b3 Qa6 32. Ree3 Qa5 33. h4 Kf8 34.
h5 Rxg3 35. Rxg3 Ke7 36. Qe3 Qc7 37. h6 Ne4 38. Bxe4 f4 39. Qd2 fxg3 40. Qg5+
Kd7 41. Bd3 Rxc3 42. Bb5+ Kc8 43. Qg8+ Qd8 44. Qxf7 gxf2+ 45. Qxf2 Qd6 46. Qf7
a6 47. Qg8+ Kc7 48. Qxh7+ Kb6 49. Bf1 Qf4 50. Qg7 Rc1 0-1

[Event "Open Semana Santa 2023"]
[Site "?"]
[Date "2023.04.06"]
[Round "2.19"]
[White "IM Garriga Cazorla, Pere"]
[Black "Galstyan, David"]
[Result "1/2-1/2"]
[WhiteElo "2476"]
[BlackElo "2119"]
[PlyCount "92"]

1. d4 e6 2. c4 Bb4+ 3. Nd2 Nf6 4. a3 Bxd2+ 5. Qxd2 a5 6. b3 O-O 7. e3 d6 8. Bd3
e5 9. Ne2 Nc6 10. Bb2 Bg4 11. O-O Bxe2 12. Bxe2 exd4 13. exd4 d5 14. Rfe1 Qd7
15. Bf1 Rfe8 16. Rxe8+ Rxe8 17. f3 Qe6 18. Rc1 h6 19. c5 Nh5 20. g3 g5 21. Bc3
f5 22. Qf2 f4 23. g4 Ng7 24. Re1 Qg6 25. Rxe8+ Qxe8 26. Bb5 Qg6 27. Kg2 Qb1 28.
Qb2 Qxb2+ 29. Bxb2 Nd8 30. Bc3 b6 31. Kf2 Nge6 32. cxb6 cxb6 33. Ke2 Kf7 34.
Kd3 Ke7 35. b4 Nc7 36. a4 Nxb5 37. axb5 a4 38. Be1 Nb7 39. h4 Nd6 40. h5 Nxb5
41. Bd2 Ke6 42. Bc1 Nd6 43. Ba3 Nc4 44. Bc1 b5 45. Kc3 Kf6 46. Bb2 Nxb2 1/2-1/2

[Event "Open Semana Santa 2023"]
[Site "?"]
[Date "2023.04.06"]
[Round "2.20"]
[White "Cano Mateos, Pablo"]
[Black "IM Pijpers, Arthur"]
[Result "1/2-1/2"]
[WhiteElo "2112"]
[BlackElo "2474"]
[PlyCount "97"]

1. e4 c5 2. Nc3 Nc6 3. Bb5 e6 4. Nf3 Nge7 5. O-O a6 6. Be2 Nd4 7. d3 b5 8. Nxd4
cxd4 9. Nb1 Bb7 10. c3 Nc6 11. Nd2 Be7 12. f4 O-O 13. Nb3 dxc3 14. bxc3 Qb6+
15. Kh1 Rac8 16. a4 b4 17. a5 Qa7 18. c4 d5 19. exd5 exd5 20. cxd5 Nb8 21. Bf3
Qa8 22. Bb2 Bxd5 23. Qe2 Bd6 24. Rae1 Bxf3 25. Rxf3 Qd5 26. Nd4 Nd7 27. Qe4
Rfe8 28. Qxe8+ Rxe8 29. Rxe8+ Bf8 30. Rf2 Nc5 31. Rc2 h5 32. h3 Nxd3 33. Rcc8
Nxf4 34. Rxf8+ Kh7 35. Nf3 f6 36. Nh4 Ng6 37. Nxg6 Kxg6 38. Rfd8 Qxa5 39. Rd7
b3 40. Rcc7 Qe1+ 41. Kh2 Qf2 42. Rxg7+ Kf5 43. Bxf6 Qf4+ 44. Kg1 Qe3+ 45. Kh1
Qd2 46. Bc3 Qc1+ 47. Kh2 Qf4+ 48. Kg1 Qc1+ 49. Kh2 1/2-1/2

[Event "Open Semana Santa 2023"]
[Site "?"]
[Date "2023.04.06"]
[Round "2.21"]
[White "GM Movsziszian, Karen"]
[Black "Gonzalez Castillo, Jose Javier"]
[Result "1-0"]
[WhiteElo "2468"]
[BlackElo "2107"]
[PlyCount "47"]

1. g3 e5 2. c4 c6 3. Nf3 e4 4. Nd4 d5 5. cxd5 Qxd5 6. Nc2 e3 7. f3 exd2+ 8.
Nxd2 Nf6 9. e4 Qh5 10. Bg2 Bh3 11. O-O Bc5+ 12. Kh1 O-O 13. Nc4 a5 14. Bf4 b5
15. Ne5 Na6 16. g4 Qh4 17. Nxc6 Rac8 18. N2d4 Nh5 19. Be5 Rfe8 20. gxh5 Bxd4
21. Bg3 Bxg2+ 22. Kxg2 Qg5 23. Nxd4 Red8 24. Rc1 1-0

[Event "Open Semana Santa 2023"]
[Site "?"]
[Date "2023.04.06"]
[Round "2.22"]
[White "Bevia Martinez, Luis"]
[Black "IM Camacho Collados, Marcos"]
[Result "0-1"]
[WhiteElo "2111"]
[BlackElo "2465"]
[PlyCount "49"]

1. e4 g6 2. d4 Bg7 3. Nc3 a6 4. a4 d6 5. Nf3 Nf6 6. Be2 O-O 7. O-O Nc6 8. d5
Nb8 9. Nd2 e6 10. Nc4 exd5 11. exd5 b6 12. Bg5 h6 13. Bh4 Re8 14. Re1 Bb7 15.
h3 Nbd7 16. f4 Nc5 17. Bf3 Rxe1+ 18. Qxe1 Qd7 19. Qf1 Qf5 20. Re1 Qxf4 21. Bf2
Re8 22. Rxe8+ Nxe8 23. Qe2 Kf8 24. Be3 Qh4 25. Qd2 0-1

[Event "Open Semana Santa 2023"]
[Site "?"]
[Date "2023.04.06"]
[Round "2.23"]
[White "IM Fernandez Guillen, Ernesto J"]
[Black "Torres Rebolledo, Alvaro"]
[Result "1-0"]
[WhiteElo "2461"]
[BlackElo "2105"]
[PlyCount "91"]
[EventDate "2023.??.??"]

1. Nf3 Nf6 2. g3 d5 3. Bg2 c5 4. O-O Nc6 5. d4 cxd4 6. Nxd4 Bd7 7. c4 e5 8.
Nxc6 Bxc6 9. cxd5 Nxd5 10. Qb3 Nb6 11. Bxc6+ bxc6 12. Be3 Be7 13. Nd2 O-O 14.
Rac1 Nd5 15. Bc5 Rb8 16. Bxe7 Qxe7 17. Qc2 Rfd8 18. a3 Nc7 19. Nc4 Rd5 20. Ne3
Rdb5 21. Qxc6 Ne6 22. Nf5 Qf6 23. Qd7 Nc5 24. Qd6 Qxf5 25. Rxc5 Rxb2 26. Rxe5
Qh3 27. Qc6 h6 28. Re8+ Rxe8 29. Qxe8+ Kh7 30. Qxf7 Rxe2 31. Qxa7 Re5 32. Qd4
Qf5 33. Rd1 Re2 34. Rd2 Qb1+ 35. Kg2 Rxd2 36. Qxd2 Qe4+ 37. f3 Qa4 38. Qd3+ Kg8
39. h4 Kh8 40. g4 Kg8 41. g5 hxg5 42. hxg5 Qf4 43. Qd5+ Kh8 44. Qa8+ Kh7 45.
Qe4+ Qxe4 46. fxe4 1-0

[Event "Open Semana Santa 2023"]
[Site "?"]
[Date "2023.04.06"]
[Round "2.24"]
[White "Garrido Diaz, Ernesto"]
[Black "IM Murphy, Conor E"]
[Result "0-1"]
[WhiteElo "2106"]
[BlackElo "2450"]
[PlyCount "86"]

1. e4 e6 2. d4 d5 3. Nc3 Nf6 4. e5 Nfd7 5. f4 c5 6. Nce2 Nc6 7. Nf3 b6 8. c3
Ba6 9. Ng3 Bxf1 10. Nxf1 g6 11. Ne3 cxd4 12. Nxd4 Rc8 13. O-O Nc5 14. Nxc6 Rxc6
15. Nc2 Ne4 16. Be3 Be7 17. Nd4 Rc8 18. a4 O-O 19. a5 Bc5 20. axb6 axb6 21. Qd3
Qd7 22. Ne2 Bxe3+ 23. Qxe3 Qb5 24. Rfb1 Ra8 25. Rxa8 Rxa8 26. Nd4 Qxb2 27. Qe1
Qxc3 28. Qxc3 Nxc3 29. Rb3 Ra4 30. Rxc3 Rxd4 31. g3 Rc4 32. Rb3 Rc6 33. Kf2 Kf8
34. g4 Ke7 35. Rb5 Kd7 36. f5 Rc2+ 37. Kg3 Kc6 38. Rb1 gxf5 39. gxf5 Re2 40.
Rc1+ Kd7 41. fxe6+ fxe6 42. Ra1 h5 43. Rb1 Kc6 0-1

[Event "Open Semana Santa 2023"]
[Site "?"]
[Date "2023.04.06"]
[Round "2.25"]
[White "IM Plazuelo Pascual, Juan"]
[Black "Piqueras Guardiola, Francisco"]
[Result "1-0"]
[WhiteElo "2449"]
[BlackElo "2105"]
[PlyCount "43"]

1. d4 Nf6 2. c4 e6 3. Nf3 c5 4. d5 exd5 5. cxd5 d6 6. Nc3 g6 7. e4 Bg7 8. Be2
O-O 9. Be3 Ng4 10. Bg5 Qb6 11. Qb3 Re8 12. Nd2 Na6 13. Qxb6 axb6 14. Nc4 Nb4
15. O-O Bxc3 16. bxc3 Rxe4 17. cxb4 Rxe2 18. Nxb6 Ra6 19. Nxc8 Re8 20. b5 Ra5
21. Nxd6 Re5 22. Nc4 1-0

[Event "Open Semana Santa 2023"]
[Site "?"]
[Date "2023.04.06"]
[Round "2.26"]
[White "GM Moskalenko, Viktor"]
[Black "Centeno Mendoza, Julio Stefano"]
[Result "1-0"]
[WhiteElo "2443"]
[BlackElo "2088"]
[PlyCount "91"]

1. c4 e6 2. d4 d5 3. Nc3 Be7 4. cxd5 exd5 5. Bf4 c6 6. e3 Bf5 7. g4 Be6 8. Qb3
Qb6 9. f3 Nd7 10. h4 h5 11. g5 Bd8 12. Bd3 g6 13. Nge2 Ne7 14. Kf2 O-O 15. Qc2
Nf5 16. Ng3 Re8 17. Bxf5 Bxf5 18. Nxf5 gxf5 19. Qxf5 Nf8 20. Qc2 Ng6 21. Bg3
Qb4 22. Rae1 Bb6 23. Na4 Re6 24. a3 Qf8 25. Nc5 Bxc5 26. Qxc5 Qxc5 27. dxc5 Ne7
28. e4 Re8 29. Bd6 dxe4 30. fxe4 Ng6 31. Kf3 b5 32. Re3 Kh7 33. Bg3 Rd8 34. Rf1
Kg7 35. Kg2 Rd4 36. Ref3 Re7 37. Rf6 Rexe4 38. Rxc6 Rg4 39. Rd6 Rde4 40. Rd3
Re2+ 41. Kh3 Ne5 42. Rc3 Nc4 43. c6 Nd2 44. Rf4 Ne4 45. Rxe4 Rexe4 46. c7 1-0

[Event "Open Semana Santa 2023"]
[Site "?"]
[Date "2023.04.06"]
[Round "2.27"]
[White "Pons Morro, Mateo"]
[Black "IM Garcia Ramos, Daniel"]
[Result "0-1"]
[WhiteElo "2105"]
[BlackElo "2442"]
[PlyCount "66"]

1. e4 c6 2. d4 d5 3. exd5 cxd5 4. Nf3 Nf6 5. Ne5 a6 6. c4 e6 7. Nc3 dxc4 8.
Bxc4 b5 9. Bd3 Bb7 10. O-O Be7 11. Be3 O-O 12. f3 Nbd7 13. Re1 Rc8 14. a3 Rc7
15. Qe2 Nb6 16. Ne4 Nfd5 17. Nc5 Nxe3 18. Qxe3 Qxd4 19. Qxd4 Bxc5 20. Qxc5 Rxc5
21. Rac1 Rfc8 22. Rxc5 Rxc5 23. f4 g6 24. Kf2 Kg7 25. g3 Na4 26. Re2 Rc1 27.
Ke3 Bd5 28. Be4 Nb6 29. Bd3 Bb3 30. Kd2 Rc8 31. Re1 f6 32. Nf3 Rd8 33. Kc3 Na4+
0-1

[Event "Open Semana Santa 2023"]
[Site "?"]
[Date "2023.04.06"]
[Round "2.28"]
[White "IM Gomez Ledo, Roberto Carlos"]
[Black "Segura Santos, Luis"]
[Result "1-0"]
[WhiteElo "2437"]
[BlackElo "2083"]
[PlyCount "55"]

1. Nf3 d5 2. e3 Nf6 3. c4 e6 4. d4 a6 5. c5 Nc6 6. Nc3 Ne4 7. Qc2 Nxc3 8. Qxc3
Be7 9. b4 Bf6 10. Bb2 g5 11. Be2 h5 12. Ne5 g4 13. h3 gxh3 14. Rxh3 h4 15.
O-O-O Bxe5 16. dxe5 Qg5 17. Bf3 Bd7 18. a3 b5 19. Bxd5 Ke7 20. Be4 Be8 21. f4
Qg4 22. Bf3 Qg6 23. Qe1 a5 24. Rxh4 Qg7 25. Qh1 Rxh4 26. Qxh4+ Kf8 27. f5 Kg8
28. Rh1 1-0

[Event "Open Semana Santa 2023"]
[Site "?"]
[Date "2023.04.06"]
[Round "2.29"]
[White "IM Espinosa Aranda, Angel"]
[Black "Cayon Pelaez, Pablo"]
[Result "1-0"]
[WhiteElo "2429"]
[BlackElo "2079"]
[PlyCount "91"]

1. Nf3 d5 2. c4 c6 3. e3 Nf6 4. d4 e6 5. Nbd2 Nbd7 6. Bd3 a6 7. e4 dxe4 8. Nxe4
Nxe4 9. Bxe4 Nf6 10. Bc2 Bb4+ 11. Ke2 h6 12. Qd3 Bd6 13. Rd1 b6 14. Ne5 Bb7 15.
Qg3 Rg8 16. c5 Bc7 17. Bg6 Rf8 18. cxb6 Bxb6 19. Bf4 Nd5 20. Be4 g5 21. Be3 f5
22. Qh3 fxe4 23. Qh5+ Ke7 24. Qxh6 Nxe3 25. fxe3 Kd6 26. Qg7 Bc7 27. Nc4+ Kd5
28. Nb6+ Kd6 29. Qe5+ Ke7 30. Qxg5+ Ke8 31. Qg6+ Ke7 32. Nxa8 Bxa8 33. Rf1 Bd6
34. Rxf8 Qxf8 35. Rf1 Qe8 36. Qxe8+ Kxe8 37. h4 Be7 38. h5 Bg5 39. Rc1 Ke7 40.
Rc5 Bh6 41. g4 Kf6 42. Rc3 Bb7 43. Rb3 Bc8 44. Rb8 Bd7 45. Rh8 Kg7 46. Rd8 1-0

[Event "Open Semana Santa 2023"]
[Site "?"]
[Date "2023.04.06"]
[Round "2.30"]
[White "CM Luke Brezmes, Cristofer"]
[Black "IM Martinez Ramirez, Lennis"]
[Result "0-1"]
[WhiteElo "2095"]
[BlackElo "2428"]
[PlyCount "66"]

1. e4 c5 2. Be2 Nc6 3. d3 e6 4. f4 d5 5. Nf3 Nf6 6. e5 Nd7 7. c3 d4 8. Nbd2 f6
9. Ne4 f5 10. Neg5 Nb6 11. Nh4 g6 12. g4 Be7 13. gxf5 Bxg5 14. fxg5 exf5 15.
Bf4 Nd5 16. Qd2 Qa5 17. Rc1 Qxa2 18. c4 Nxf4 19. Qxf4 Qxb2 20. Bf3 Nb4 21. Rd1
Qc3+ 22. Ke2 Be6 23. Bxb7 Rb8 24. Qf3 O-O 25. Ng2 f4 26. Be4 Nc2 27. Bd5 Bxd5
28. Qxd5+ Kg7 29. Rhf1 Ne3 30. Nxe3 dxe3 31. Rde1 Rbd8 32. Qxc5 Qxd3+ 33. Kf3
e2+ 0-1

[Event "Open Semana Santa 2023"]
[Site "?"]
[Date "2023.04.06"]
[Round "2.31"]
[White "IM Alonso Garcia, Aaron"]
[Black "WFM Guillo Longares, Cecilia"]
[Result "1-0"]
[WhiteElo "2426"]
[BlackElo "2078"]
[PlyCount "121"]

1. e4 c5 2. Nf3 Nc6 3. Bb5 g6 4. Bxc6 dxc6 5. d3 Bg7 6. h3 Nf6 7. Nc3 Nd7 8.
Be3 e5 9. Qd2 h6 10. Nh2 Qe7 11. O-O Nf8 12. Ne2 Ne6 13. c3 b6 14. f4 exf4 15.
Nxf4 Ba6 16. Rad1 Ng5 17. h4 Nxe4 18. dxe4 Bxf1 19. Nxf1 O-O 20. Qf2 Qxe4 21.
Ng3 Qe8 22. Qf3 Rd8 23. Rf1 Qd7 24. h5 g5 25. Nfe2 Qd5 26. Nf5 Qxf3 27. Rxf3
Rfe8 28. Rf1 Re6 29. Kf2 Rd5 30. g4 Be5 31. a4 Bc7 32. b3 Kh7 33. Rc1 Rd3 34.
Rc2 Re4 35. Kf3 Re6 36. a5 bxa5 37. Nc1 Rd5 38. c4 Rd1 39. Rc3 Bb6 40. Nd3 Rf1+
41. Nf2 a4 42. bxa4 Ra1 43. Ne4 Rxa4 44. Bc1 Ra2 45. Rb3 Rc2 46. Bb2 Rxc4 47.
Nf6+ Rxf6 48. Bxf6 Rf4+ 49. Kg3 c4 50. Rb2 Re4 51. Rd2 Re6 52. Bc3 Bc7+ 53. Kf3
Bb6 54. Rd7 Kg8 55. Rb7 Re8 56. Nxh6+ Kh7 57. Nf5 Kg8 58. h6 Rd8 59. h7+ Kxh7
60. Rxf7+ Kg8 61. Nh6# 1-0

[Event "Open Semana Santa 2023"]
[Site "?"]
[Date "2023.04.06"]
[Round "2.32"]
[White "Atienza Alvarez, Javier"]
[Black "Chen, Peng"]
[Result "0-1"]
[WhiteElo "2089"]
[BlackElo "2425"]
[PlyCount "92"]
[EventDate "2023.??.??"]

1. d4 Nf6 2. c4 g6 3. Nc3 Bg7 4. e4 O-O 5. h3 d6 6. Be3 c5 7. Nf3 cxd4 8. Nxd4
Nc6 9. Be2 Nxd4 10. Bxd4 Bd7 11. O-O Bc6 12. Qc2 a5 13. Rfd1 Nd7 14. Bg4 Ne5
15. c5 Qb8 16. cxd6 Qxd6 17. Be3 Nxg4 18. Rxd6 Nxe3 19. Qe2 exd6 20. Qxe3 Rae8
21. Qd3 f5 22. exf5 Rxf5 23. Qxd6 Rg5 24. g4 Rge5 25. f4 Re3 26. Nd5 R3e6 27.
Qc5 Kh8 28. Nc7 Re4 29. Rd1 Rc8 30. Qd6 Bxb2 31. Ne6 Re8 32. f5 gxf5 33. gxf5
Bf6 34. Qc7 Rg8+ 35. Kf1 Bb5+ 36. Kf2 Re2+ 37. Kf3 Be5 38. Qd8 Reg2 39. Ke4 Bb2
40. Qe7 Bc6+ 41. Kf4 Rf2+ 42. Ke3 Rf3+ 43. Kd2 Rg2+ 44. Ke1 Bc3+ 45. Rd2 Bxd2+
46. Kd1 Ba4# 0-1